Najwięcej bramek w FC Barcelonie - Statystyki

Ogólne statystyki
  • Ten quiz został rozwiązany 787 razy
  • Średni wynik to 3 z 10
Statystyki odpowiedzi
Bramki Zawodnik % Poprawnych
672 Lionel Messi
100%
198 Luis Suárez
89%
130 Samuel Eto’o
61%
130 Rivaldo
33%
194 Ladislao Kubala
8%
232 César Rodríguez
4%
128 Mariano Martín
2%
158 Josep Escolà
1%
184 Josep Samitier
1%
134 Paulino Alcántara
1%
Nie znaleziono quizów pasujących do podanych kryteriów
Rozkład punktacji
Procent ludzi z każdym wynikiem
Percentyl według liczby udzielonych odpowiedzi
Twoja historia wyników
Nie rozwiązałeś tego quizu